000 00869cab a2200253 4500
001 ABS59338
008 090401t1998 xxu||||| |||| 00| 0 eng d
035 _a(Sirsi) u88768
041 _aeng
100 _aDavey, J,
245 _aShould the Mayor decide?
260 _c1998
350 _a0
490 _aProperty Week
_v63(19) 4 September 1998, 28-29(2)
520 _aThe white paper "A Mayor and assembly for London" suggested that the Mayor would have `practical, strategic and agenda-setting` powers. If a Mayor could exercise a veto against planning it could affect 75 per cent of schemes and force developers out of the capital.
650 _aDEVELOPERS
650 _aLONDON ASSEMBLY
650 _aLONDON MAYOR
650 _aPLANNING POWERS
650 _aWHITE PAPER
690 _aPLANNING LAW AND PRACTICE
942 _n0
948 _c01/10/1998
999 _c56121
_d56121